000 00648nam a2200229Ia 4500
003 OSt
005 20220926040755.0
006 a|||||r|||| 00| 0
007 ta
008 220923b |||||||| |||| 00| 0 eng d
037 _cGeneral Book
040 _aRTL
_cRTL
_beng
041 _2eng
_aeng
082 _aX.3.N6, K3
100 _aHackett John
_996633
245 0 _aBritish economy
_b Problems and prospects
260 _c1963
650 _aEconomic Conditions Great Britain
_9232317
700 _a Hackett Anne-Marie
_9344102
942 _hX.3.N6, K3
_cGB
_2CC
999 _c665639
_d665639